Applied Thermodynamics (Record no. 1388)

MARC details
000 -LEADER
fixed length control field 00359nam a2200145Ia 4500
008 - FIXED-LENGTH DATA ELEMENTS--GENERAL INFORMATION
fixed length control field 221030s9999 xx 000 0 und d
041 ## - LANGUAGE CODE
Language code of text/sound track or separate title
082 ## - DEWEY DECIMAL CLASSIFICATION NUMBER
Classification number 105.23
Item number Bal
100 ## - MAIN ENTRY--AUTHOR NAME
Personal name P. L. Ballaney
245 #0 - TITLE STATEMENT
Title Applied Thermodynamics
Statement of responsibility, etc by P. L. Ballaney
260 ## - PUBLICATION, DISTRIBUTION, ETC. (IMPRINT)
Name of publisher Khanna book Pub.
Place of publication Delhi
Year of publication 2000
300 ## - PHYSICAL DESCRIPTION
Number of Pages 536
650 ## - SUBJECT ADDED ENTRY--TOPICAL TERM
Topical Term Mechanical
942 ## - ADDED ENTRY ELEMENTS (KOHA)
Koha item type Books
Holdings
Accession Number Cost, normal purchase price Full call number Price effective from Koha item type Withdrawn / writtenoff status Materials specified (bound volume or other part) Damaged status Not for loan Permanent Location Current Location Shelving location Date acquired Lost/ Missing status department
BE 5743 70.00 105.23 Bal 10/30/2022 Books   Print     MIET Library, Jammu MIET Library, Jammu BL-Academic Block C, FL-2, CUP-6, SH-6, R-6 06/21/2002   BE
BE 5741 70.00 105.23 Bal 10/30/2022 Books   Print   Not For Loan MIET Library, Jammu MIET Library, Jammu BL-Second, FL-1, CUP-71, SH-1, R-1 06/21/2002   BE
BE 5742 70.00 105.23 Bal 10/30/2022 Books   Print     MIET Library, Jammu MIET Library, Jammu BL-Academic Block- C, FL-2, CUP-4, SH-6, R-6 06/23/2002   BE
BE 5744 70.00 105.23 Bal 10/30/2022 Books   Print     MIET Library, Jammu MIET Library, Jammu BL-Academic Block- C, FL-2, CUP-4, SH-6, R-6 06/21/2002   BE
BE 5746 70.00 105.23 Bal 10/30/2022 Books   Print     MIET Library, Jammu MIET Library, Jammu BL-Academic Block- C, FL-2, CUP-4, SH-6, R-6 06/21/2002   BE